00770 a2200181 45000010006000000050017000060080041000230030015000640400040000790800145001192450049002642640028003133000019003415050175003600410008005351000026005437000019005693212920260407155622.0260407a1969 arg spa dAR-UNSa-BCEJYS aAR-UNSa-BCEJYSbspacAR-UNSa-BCEJYS a658.012.4xGestión. Dirección. Autoridad. Técnicas y métodos de gestión (gestión del conocimiento, Outsourcing, Benchmarking...)10aTécnicas modernas de gestión de empresas 1aMadrid :bAguilarc1969 a679 p.c22 cm. a1. Los problemas de estructura - 2. Los métodos - 3. Aplicación de los métodos modernos a los grandes problemas de la empresa - 4. Información y automatización. aspa1 aCuervo, Luis Mauricio1 aHierche, Henri